Evermore - Taylor Swift Album - Statistics

General Stats
  • This quiz has been taken 2,852 times
  • The average score is 12 of 15
Answer Stats
evermore % Correct
1. willow
95%
2. champagne problems
93%
15. evermore
93%
13. marjorie
88%
6. no body, no crime
85%
3. gold rush
83%
5. tolerate it
83%
10. ivy
82%
8. dorothea
81%
9. coney island
80%
11. cowboy like me
79%
4. tis the damn season
79%
7. happiness
73%
14. closure
72%
12. long story short
67%
No matching quizzes found
Score Distribution
Percent of People with Each Score
Percentile by Number Answered
Your Score History
You have not taken this quiz